Scritture adolescenti (Record n. 210195)

Dettagli MARC
000 -LEADER
fixed length control field 01372nam a2200217Ia 4500
001 - CONTROL NUMBER
control field b6811-48841
003 - CONTROL NUMBER IDENTIFIER
control field IT-MiCISF
008 - FIXED-LENGTH DATA ELEMENTS--GENERAL INFORMATION
fixed length control field 161014s9999||||xx |||||||||||||| ||und||
040 ## - CATALOGING SOURCE
Original cataloging agency IT-MiCISF
Transcribing agency IT-MiCISF
041 ## - LANGUAGE CODE
Language code of text/sound track or separate title fr
999 ## - SYSTEM CONTROL NUMBERS (KOHA)
Koha Dewey Subclass [OBSOLETE] si
100 ## - MAIN ENTRY--PERSONAL NAME
Personal name Biffi Elisabetta
240 ## - UNIFORM TITLE
Uniform title Scritture adolescenti
245 #0 - TITLE STATEMENT
Title Scritture adolescenti
Remainder of title Esperienze di scrittura nella scuola secondaria
250 ## - EDITION STATEMENT
Edition statement 1a ed.
260 ## - PUBLICATION, DISTRIBUTION, ETC. (IMPRINT)
Place of publication, distribution, etc. Trento
Name of publisher, distributor, etc. Erickson
Date of publication, distribution, etc. 2010
300 ## - PHYSICAL DESCRIPTION
Extent pp. 267
500 ## - GENERAL NOTE
General note / adolescenza, scuola, educazione, progetto, filosofia, esperienze, nuovi-media / Le ragazze e i ragazzi di oggi scrivono? E scrivono di sé? Come scrivono? Cosa pensano della scrittura? E' a questi e ad altri simili interrogativi che il presente volume tenta di rispondere, esaminando le diverse dimensioni delle scritture adolescenti. A partire da una riflessione sul ruolo della scrittura fra i nuovi media e sulle sue potenzialità quale risorsa nella relazione educativa con gli adolescenti, viene proposta un'esperienza di ricerca, con e sulla scrittura, realizzata con studenti delle scuole secondarie e dalla quale è derivata una proposta didattica, di riflessione e di lavoro, rivolta agli insegnanti di ogni disciplina, per una possibile educazione alle scritture adolescenti.
650 ## - SUBJECT ADDED ENTRY--TOPICAL TERM
Topical term or geographic name as entry element Adolescenti e giovani / educazione
Relator term 009
942 ## - ADDED ENTRY ELEMENTS (KOHA)
Koha item type LIBRO
957 ## -
-- 1
999 ## - SYSTEM CONTROL NUMBERS (KOHA)
-- 1
Dati di copia
Withdrawn status Lost status Damaged status Not for loan Home library Current library Date acquired Total Checkouts Full call number Date last seen Price effective from Koha item type Public note
    Buone Condizioni Not For Loan CISF - Milano CISF - Milano 14/10/2016   b6811-48841 14/10/2016 14/10/2016 LIBRO Data import 15.10.2016 / by Epidotti, Vaglietti
CREDITS: SOCIETA' SAN PAOLO Via A.Severo, 58 - ROMA (RM) & PERIODICI SAN PAOLO SRL Via Giotto, 36 MILANO & CISF Via Giotto, 36 MILANO & EDIZIONI SAN PAOLO SRL,  Piazza Soncino, 5 CINISELLO BALSAMO (MI) -- ITALY